Guess the Country By Emojis #1 - Statistics

General Stats
  • This quiz has been taken 134 times
  • The average score is 11 of 20
Answer Stats
Hint Answer % Correct
J🍳 Japan
87%
OπŸ‘¨πŸ» Oman
87%
πŸ§ŠπŸ›¬ Iceland
81%
🌢️ Chile
75%
🍐u Peru
73%
πŸ””πŸ‹οΈβ€β™€οΈ Belgium
64%
🐳🐳 Wales
63%
🧊a Cuba
61%
😑aβ›½οΈπŸš— Madagascar
59%
πŸ‘οΈπŸƒ Iran
53%
🍳a🀰 Panama
49%
πŸ‘”πŸ›¬ Thailand
49%
πŸ‘οΈπŸ‘‚πŸ›¬ Ireland
47%
πŸ‘‹β˜•οΈ Haiti
46%
🦠a🦡 Germany
41%
🎀aπŸ«— Singapore
40%
πŸ‘”1️⃣ Taiwan
36%
βž•πŸšͺa Andorra
23%
πŸ‘πŸ—οΈ Ukraine
20%
πŸ’πŸ’πŸ½β€β™€οΈ Mya, Will You Be My Girlfriend <3 - Olly x
0%
No matching quizzes found
Score Distribution
Percent of People with Each Score
Percentile by Number Answered
Your Score History
You have not taken this quiz